[Event "FRA-ch U14"]
[Site "Le Grand Bornand"]
[Date "2007.04.11"]
[Round "5"]
[White "Divine, Armand"]
[Black "Song, Julien"]
[Result "1/2-1/2"]
[WhiteElo "1881"]
[BlackElo "1957"]
[PlyCount "94"]
[EventDate "2007.04.07"]
[EventType "swiss"]
[EventRounds "9"]
[EventCountry "FRA"]
[SourceTitle "CBM 118 Extra"]
[Source "ChessBase"]
[SourceDate "2007.07.04"]
[SourceVersion "1"]
[SourceVersionDate "2007.07.04"]
[SourceQuality "1"]

1. e4 e6 2. d4 d5 3. e5 c5 4. c3 Nc6 5. Nf3 Bd7 6. Be2 Nge7 7. 0-0 Ng6 8. Bg5 f6 9. exf6 gxf6 10. Be3 Qb6 11. Qd2 Bd6 12. Bh6 Rg8 13. dxc5 Bxc5 14. b4 Bd6 15. a3 Qc7 16. c4 Bf4 17. Bxf4 Qxf4 18. cxd5 Qxd2 19. Nfxd2 Nf4 20. Bf3 Ne5 21. g3 Nxf3+ 22. Nxf3 Nxd5 23. Nbd2 Ke7 24. Rfe1 a5 25. bxa5 Rxa5 26. Nb3 Ra7 27. Nc5 Rga8 28. Nd4 e5 29. f4 Rxa3 30. Rxa3 Rxa3 31. fxe5 Bh3 32. Nxb7 Ra2 33. exf6+ Kxf6 34. Nc5 Nc3 35. Ne4+ Nxe4 36. Rxe4 Rg2+ 37. Kh1 Rd2 38. Nf3 Rd1+ 39. Ng1 Be6 40. Rf4+ Kg6 41. h4 Bd5+ 42. Kh2 Rd2+ 43. Kh3 Bg2+ 44. Kh2 Bf1+ 45. Kh1 Bg2+ 46. Kh2 Bf1+ 47. Kh1 Bg2+ 1/2-1/2

[Event "FRA-ch U14"]
[Site "Le Grand Bornand"]
[Date "2007.04.??"]
[Round "4"]
[White "Godart, Francois"]
[Black "Divine, Armand"]
[Result "1/2-1/2"]
[WhiteElo "1984"]
[BlackElo "1881"]
[PlyCount "131"]
[EventDate "2007.04.07"]
[EventType "swiss"]
[EventRounds "9"]
[EventCountry "FRA"]
[SourceTitle "CBM 118 Extra"]
[Source "ChessBase"]
[SourceDate "2007.07.04"]
[SourceVersion "1"]
[SourceVersionDate "2007.07.04"]
[SourceQuality "1"]

1. d4 Nf6 2. Bg5 Ne4 3. Bh4 g5 4. f3 gxh4 5. fxe4 Bh6 6. e5 d6 7. Nf3 Nc6 8. e4 Bg4 9. Be2 Bxf3 10. Bxf3 dxe5 11. d5 Nd4 12. Bh5 Rg8 13. 0-0 Bf4 14. Rxf4 exf4 15. Qxd4 h3 16. Bf3 Qd6 17. e5 Qa6 18. Nc3 0-0-0 19. Ne4 Rxg2+ 20. Bxg2 Qg6 21. Ng3 fxg3 22. Bxh3+ Kb8 23. Qg4 gxh2+ 24. Kxh2 Qxc2+ 25. Qg2 Qc5 26. Rf1 a6 27. Rxf7 Rxd5 28. Rf8+ Ka7 29. Qf2 Qxf2+ 30. Rxf2 Rxe5 31. Kg3 Rb5 32. Bf5 h6 33. Bb1 a5 34. Kf4 Kb6 35. Bd3 Rd5 36. Ke4 c6 37. Rf7 Rh5 38. Kd4 Rd5+ 39. Kc3 Re5 40. Rh7 Re6 41. Bc4 Re1 42. Rxh6 Rc1+ 43. Kd3 Rb1 44. Kc2 Rg1 45. Re6 Rg7 46. Kc3 Rh7 47. Bd3 Rg7 48. b3 Rg2 49. a4 Rg7 50. Kd4 Rg4+ 51. Ke5 Rg3 52. Kd4 Rg7 53. Ke5 Rg3 54. Kd4 Rg7 55. Bg6 Kc7 56. Kc5 Kd7 57. Bf5 Kc7 58. Kd4 Rf7 59. Bg6 Rf4+ 60. Ke5 Rf3 61. Rxe7+ Kb6 62. Bc2 Rc3 63. Bd1 Rd3 64. Bc2 Rc3 65. Bd1 Rd3 66. Bc2 1/2-1/2

[Event "Saint Affrique op 15th"]
[Site "Saint Affrique"]
[Date "2007.??.??"]
[Round "5"]
[White "Divine, Armand"]
[Black "Bonnet, Philippe"]
[Result "1-0"]
[WhiteElo "1904"]
[BlackElo "2027"]
[PlyCount "61"]
[EventDate "2007.07.21"]
[EventType "swiss"]
[EventRounds "9"]
[EventCountry "FRA"]
[SourceTitle "CBM 119 Extra"]
[Source "ChessBase"]
[SourceDate "2007.09.04"]
[SourceVersion "1"]
[SourceVersionDate "2007.09.04"]
[SourceQuality "1"]

1. e4 e6 2. d4 d5 3. e5 c5 4. c3 b6 5. Nf3 Qd7 6. Nbd2 Ba6 7. g3 Bxf1 8. Kxf1 f5 9. Kg2 Nh6 10. h4 Nc6 11. Nb3 Nf7 12. Be3 c4 13. Nc1 b5 14. a3 a5 15. Ne2 a4 16. Nf4 0-0-0 17. Kf1 Be7 18. Ke2 g5 19. hxg5 Nxg5 20. Nxg5 Bxg5 21. Kd2 Bxf4 22. Bxf4 Na5 23. Kc2 Nb3 24. Rb1 Rdg8 25. Qf3 Qe7 26. Rh5 b4 27. axb4 Qxb4 28. Qxd5 Nxd4+ 29. Qxd4 Qb3+ 30. Kc1 Rd8 31. Qc5+ 1-0

[Event "France-ch U12"]
[Site "Reims"]
[Date "2004.04.25"]
[Round "9"]
[White "Divine, Armand"]
[Black "Perusseau, Clement"]
[Result "0-1"]
[WhiteElo "1800"]
[BlackElo "1560"]
[PlyCount "82"]
[EventDate "2004.04.??"]
[EventType "swiss"]
[EventRounds "9"]
[EventCountry "FRA"]
[SourceTitle "EXT 2005"]
[Source "ChessBase"]
[SourceDate "2004.11.15"]
[SourceVersion "1"]
[SourceVersionDate "2004.11.15"]
[SourceQuality "1"]

1. e4 e6 2. d3 c5 3. Nf3 Nc6 4. g3 d5 5. Nbd2 Nf6 6. Bg2 Be7 7. 0-0 0-0 8. e5 Nd7 9. Re1 Qc7 10. Qe2 Re8 11. Nf1 f6 12. Bf4 fxe5 13. Nxe5 Bd6 14. Nxc6 Bxf4 15. Bxd5 bxc6 16. Bxe6+ Kh8 17. gxf4 Qxf4 18. Qg4 Qd6 19. Bxd7 Bxd7 20. Qg3 Qd4 21. Qc7 Rf8 22. Ne3 Rac8 23. Qxa7 Bh3 24. Qe7 Rce8 25. c3 Qxd3 26. Qxc5 Qg6+ 27. Kh1 Qe4+ 28. Kg1 Rf6 29. Qg5 Rg6 30. Qg3 Rxg3+ 31. hxg3 Qf3 32. Kh2 Rxe3 33. Kxh3 Rxe1 34. Rxe1 h6 35. Re8+ Kh7 36. Re7 Qxf2 37. a4 Qf5+ 38. Kg2 Qc2+ 39. Kf3 Qxa4 40. Re6 Qb3 41. Rd6 Qxb2 0-1

[Event "France-ch U12"]
[Site "Reims"]
[Date "2004.04.24"]
[Round "8"]
[White "Chretien, Antonin"]
[Black "Divine, Armand"]
[Result "0-1"]
[WhiteElo "1690"]
[BlackElo "1800"]
[PlyCount "122"]
[EventDate "2004.04.??"]
[EventType "swiss"]
[EventRounds "9"]
[EventCountry "FRA"]
[SourceTitle "EXT 2005"]
[Source "ChessBase"]
[SourceDate "2004.11.15"]
[SourceVersion "1"]
[SourceVersionDate "2004.11.15"]
[SourceQuality "1"]

1. e4 c5 2. Nf3 e6 3. b4 cxb4 4. d4 d5 5. e5 Nc6 6. a3 bxa3 7. c3 Bd7 8. Bd3 Nge7 9. 0-0 g6 10. Bg5 Bg7 11. Nxa3 0-0 12. Qc1 Na5 13. Rb1 Rc8 14. h4 b6 15. h5 Ba4 16. Qf4 Rxc3 17. h6 Bh8 18. Qh4 Nac6 19. Bb5 Bxb5 20. Nxb5 Rd3 21. Nd6 Rxf3 22. gxf3 Bxe5 23. Bxe7 Bh2+ 24. Kxh2 Nxe7 25. Qf6 Qxd6+ 26. Kg1 Nf5 27. Rbe1 Qf4 28. Ra1 Qxf3 29. Rxa7 Qg4+ 30. Kh1 Qh3+ 31. Kg1 Qxh6 32. Ra3 Qf4 33. Rfa1 Qg4+ 34. Kf1 Qxd4 35. Qxd4 Nxd4 36. Rb1 Rb8 37. Rd3 Nf5 38. Rdb3 Kg7 39. Rxb6 Rxb6 40. Rxb6 h5 41. Kg2 Kf6 42. Rb4 Kg5 43. Kf3 f6 44. Kg2 e5 45. Rb5 d4 46. Rd5 Nh6 47. Kg3 Kf5 48. Rd8 g5 49. Rh8 h4+ 50. Kh3 Ng4 51. f3 Ne3 52. Rf8 Nd5 53. Rd8 Nf4+ 54. Kh2 d3 55. Kg1 e4 56. fxe4+ Kxe4 57. Kf2 g4 58. Kg1 Kf3 59. Kh2 g3+ 60. Kh1 h3 61. Rg8 d2 0-1

[Event "France-ch U12"]
[Site "Reims"]
[Date "2004.04.22"]
[Round "6"]
[White "Valay, Maxime"]
[Black "Divine, Armand"]
[Result "0-1"]
[WhiteElo "1340"]
[BlackElo "1800"]
[PlyCount "84"]
[EventDate "2004.04.??"]
[EventType "swiss"]
[EventRounds "9"]
[EventCountry "FRA"]
[SourceTitle "EXT 2005"]
[Source "ChessBase"]
[SourceDate "2004.11.15"]
[SourceVersion "1"]
[SourceVersionDate "2004.11.15"]
[SourceQuality "1"]

1. e4 c5 2. Nf3 e6 3. c4 Nc6 4. Nc3 d6 5. Be2 Nf6 6. 0-0 Be7 7. d3 0-0 8. Bg5 Rb8 9. b3 h6 10. Be3 a6 11. Qd2 b5 12. Bd1 Ng4 13. Ne2 Nxe3 14. fxe3 bxc4 15. bxc4 Bf6 16. d4 cxd4 17. exd4 Qb6 18. Kh1 Qb2 19. Qc1 Qxc1 20. Rxc1 Rb2 21. Rc2 Rxc2 22. Bxc2 Nb4 23. Bb1 Bd7 24. a3 Nc6 25. Bd3 Rb8 26. Rb1 Rxb1+ 27. Bxb1 e5 28. dxe5 Nxe5 29. Nxe5 Bxe5 30. Kg1 Bb2 31. Kf2 Bxa3 32. Ke3 Bc5+ 33. Kd3 Kf8 34. Nf4 f5 35. Ke2 fxe4 36. Kd1 e3 37. h4 g5 38. Nd5 Bc6 39. Be4 a5 40. Bf3 a4 41. Kc2 Bxd5 42. cxd5 a3 0-1